Boat life in Egypt and Nubia /
Saved in:
Main Author:
Format: Book
Language: English
Published:
New York :
Harper & brothers,
1857.
Subjects:
Tags: Add Tag
No Tags, Be the first to tag this record!
Call Number: DT54 .P95 1857
| LEADER | 00635namaa2200217 4500 | ||
|---|---|---|---|
| 001 | 18935 | ||
| 003 | OSt | ||
| 005 | 20260326125817.0 | ||
| 008 | 130303s1857 nyua 000 0 eng d | ||
| 010 | |a 04024355 | ||
| 040 | |c ARCE Library | ||
| 043 | |a f-ua--- | ||
| 050 | 4 | |a DT54 .P95 1857 | |
| 100 | 1 | |a Prime, William Cowper, |d 1825-1905, |e author |9 37886 | |
| 245 | 1 | 0 | |a Boat life in Egypt and Nubia / |c by William C. Prime. |
| 264 | 1 | |a New York : |b Harper & brothers, |c 1857. | |
| 300 | |a xiv, [15]-498 pages : |b illustrations ; |c 20 cm. | ||
| 651 | 0 | |a Egypt |x Description and travel. | |
| 901 | |a reviewed | ||
| 942 | |c BK |2 lcc | ||
| 999 | |c 15987 |d 15987 | ||
